|
|
|
|
| LEADER |
00981nam a2200217 a 4500 |
| 001 |
GR-MES108 |
| 008 |
991111s nyu 000 b gre d |
| 020 |
|
|
|a 047159489X
|
| 040 |
|
|
|a GrPaTEI
|b gre
|c GR-PaULI
|
| 245 |
0 |
0 |
|a Marine aquarium keeping.
|
| 250 |
|
|
|a 2η έκδοση
|
| 260 |
|
|
|a New York :
|b John Wiley and Sons,
|c c1993
|
| 300 |
|
|
|a ix,175σελ. :
|b εικ.
|
| 504 |
|
|
|a Βιβλιογραφία: σελ.160-163
|
| 650 |
|
4 |
|a θάλασσα-Ενυδρεία
|
| 700 |
1 |
|
|a Spotte, Stephen
|
| 942 |
|
|
|2 ddc
|
| 952 |
|
|
|0 0
|1 0
|2 ddc
|4 0
|6 639_342000000000000_SPO
|7 0
|9 263377
|a MSLG
|b MSLG
|c BSC
|d 2021-01-17
|e 24
|f 0
|g 0.00
|l 0
|o 639.342 SPO
|p 2420000003723
|r 2021-01-17 00:00:00
|t 1
|w 2021-01-17
|y BK15
|x 19991111 0 1
|x GrPaTEI
|
| 952 |
|
|
|0 0
|1 0
|2 ddc
|4 0
|6 639_342000000000000_SPO
|7 0
|9 263378
|a MSLG
|b MSLG
|c BSC
|d 2021-01-17
|e 24
|f 0
|g 0.00
|l 0
|o 639.342 SPO
|p 2420000015413
|r 2021-01-17 00:00:00
|t 1
|w 2021-01-17
|y BK15
|x 19991111 0 1
|x GrPaTEI
|
| 971 |
|
|
|a .b25711490
|b 07-10-20
|c 13-09-16
|
| 999 |
|
|
|c 151597
|d 151597
|